| 000 | 00858nam a2200277 i 4500 | ||
|---|---|---|---|
| 003 | DO-SdBNP | ||
| 005 | 20240401203610.0 | ||
| 007 | ta | ||
| 008 | 210531b2014017 dr ||||| |||| 00| 0 spa d | ||
| 020 | _a9789945454468 | ||
| 040 |
_aDO-SdBNP _bspa _cBNPHU _erda |
||
| 082 | 4 |
_bC355g _222 |
|
| 100 |
_aCastro Ventura, Santiago, _d1949- _9775 |
||
| 245 | 1 | 0 |
_aLa guerra restauradora : _berupción del anticolonialismo en las Antillas españolas / _cSantiago Castro Ventura |
| 264 |
_aSanto Domingo : _bManati, _c2014. |
||
| 300 |
_a482 páginas : _bilustraciones ; _c23 cm. |
||
| 336 |
_2rdacomtent _atexto _btxt |
||
| 337 |
_2rdamedia _asin mediación _bn |
||
| 338 |
_2rdacarrier _avolumen _bnc |
||
| 500 | _a | ||
| 500 | _a | ||
| 590 | _aInventariado, 2023 / DG | ||
| 600 | 1 | 0 |
_aLuperón, Gregorio, _d1839-1897 _9888 |
| 910 | _aDG | ||
| 942 |
_2ddc _cLBS1 |
||
| 999 |
_c53591 _d53591 |
||